| 000 | 05360cam a22004817i 4500 | ||
|---|---|---|---|
| 001 | data | ||
| 005 | 20260322212102.0 | ||
| 008 | data | ||
| 035 | _a22339083 | ||
| 906 |
_a7 _bcbc _ccopycat _d2 _encip _f20 _gy-gencatlg |
||
| 925 | 0 |
_aacquire _b1 shelf copy _xSel/rjc, 2022-04-15 |
|
| 010 | _a 2020300616 | ||
| 016 | 7 |
_a019672491 _2Uk |
|
| 020 |
_a9781642652994 _q(hardcover) |
||
| 020 |
_a1642652997 _q(hardcover) |
||
| 035 | _a(OCoLC)1114599760 | ||
| 040 |
_aYFM _beng _cYFM _erda _dDLC _dOCLCO _dMLY _dR2A _dIBI _dYDXIT _dCES _dTKL _dOCLCO _dOCLCA _dRC9 _dUKMGB _dOCLCO _dYDX _dBDX _dDON _dJYJ _dOCLCO _dDLC |
||
| 042 | _alccopycat | ||
| 050 | 0 | 0 |
_aRM300 _b.P743 2019 |
| 060 | 4 | _aQV 704 | |
| 082 | 0 | 4 |
_a615 _223 |
| 245 | 0 | 0 |
_aPrinciples of pharmacology / _ceditor, Richard Renneboog, MSc. |
| 246 | 3 | 0 | _aPharmacology |
| 250 | _a[First edition]. | ||
| 264 | 1 |
_a[Amenia, New York] : _bGrey House Publishing, _a[Amenia, New York] : _bGrey House Publishing, _c[2019] |
|
| 264 | 4 | _c©2019 | |
| 300 |
_axiii, 420 pages : _billustrations ; _c26 cm |
||
| 336 |
_atext _btxt _2rdacontent |
||
| 337 |
_aunmediated _bn _2rdamedia |
||
| 338 |
_avolume _bnc _2rdacarrier |
||
| 490 | 0 | _aPrinciples of | |
| 490 | 1 | _a[Principles of science] | |
| 504 | _aIncludes bibliographical references and index. | ||
| 505 | 0 | _aAcetaminophen -- Alkylating agents in chemotherapy -- Allergies -- Aminoglycoside antibiotics -- Amiodarone -- Amoxicillin -- Androgen drugs -- Angiogenesis inhibitors -- Antacids -- Anthrax vaccine -- Antiandrogens (cancer treatment) -- Antianxiety drugs -- Antibiotics: Experimental -- Antibiotics: Overview -- Antibiotics: Types -- Antibodies -- Anticholinergics -- Antidepressant medications -- Antidiarrheal agents -- Antiestrogens -- Antifungal drugs -- Antimetabolites in chemotherapy -- Antinausea medications -- Antineoplastics in chemotherapy -- Antiparasitic drugs -- Antipsychotic medications -- Antiviral drugs -- Bacillus Calmette-Guérin (BCG) -- Benzodiazepines -- Beta-blockers -- Biopharmaceuticals -- Bisphosphonates -- Branched-chain amino acids (BCAAs) -- Bromocriptine -- Brompton cocktail -- Calcium channel blockers -- Cancer vaccines -- Carbamazepine -- Cephalosporin antibiotics -- Chemical germicides -- Cisplatin -- Clonidine -- Colchicine -- Corticosteroids -- Cyclooxygenase-2 (COX-2) inhibitors -- Cyclosporine -- Cytokines -- Delta-9-tetrahydrocannabinol (THC) -- Designer drugs -- Diindolylmethane -- Dopamine and addiction -- Doxorubicin -- Endocrinology -- Essential oil monoterpenes -- Estriol -- Estrogen -- Estrogen receptor downregulator (ERD) -- Ethambutol -- Fentanyl -- Gamma oryzanol -- Gene therapy -- General antibiotics -- Glutamine -- Heparin -- Hepatitis vaccines -- Histamine 2 antagonists -- HIV vaccine -- Hormones -- Huperzine A -- Hydroxycitric acid -- Hydroxymethylbutyrate -- Hyperbaric oxygen therapy -- Imidazole antifungals -- Influenza -- Influenza vaccine -- Insulin -- Integrase inhibitors -- Interferon -- Interleukins -- Iodine -- Ipriflavone -- Isoniazid -- Ketolide antibiotics -- Laxatives -- Lipoic acid -- Lipopeptide antibiotics -- Living with allergies -- Loop diuretics -- Macrolide antibiotics -- Marijuana -- Matrix metalloproteinase inhibitors -- Maturation inhibitors -- Melatonin -- Mesoglycan -- Metabolism -- Methotrexate -- Monoamine oxidase inhibitors (MAOI) -- Monoclonal antibodies -- Narcotics -- Nicotine -- Nicotine replacement products -- Nitrofurantoin -- Nitroglycerin -- Nonsteroidal anti-inflammatory drugs (NSAIDs) -- Opioids -- Oral contraceptives -- Over-the-counter (OTC) drugs -- Over-the-counter (OTC) drugs: cautions and precautions -- Oxazolidinone antibiotics -- Pain management medications -- Penicillamine -- Penicillin antibiotics -- Pentoxifylline -- Pharmacognosy and pharmacology -- Phenobarbital -- Phenothiazines -- Phenytoin -- Plant alkaloids and terpenoids in chemotherapy -- Primidone -- Protease inhibitors -- Proteasome inhibitors -- Psychopharmacology -- Quinolone antibiotics -- Radiopharmaceuticals -- Reverse transcriptase inhibitors -- Schistosomiasis vaccine -- Serotonin -- Steroids -- Tetracycline antibiotics -- Thalidomide -- Thiazide diuretics -- Thiazole antifungals -- Thyroid hormone -- Tocotrienols -- Topoisomerase inhibitors -- Tramadol -- Tricyclic antidepressants -- Trimethoprim/sulfamethoxazole -- Trimethylglycine -- Trypanosomiasis vaccine -- Tumor necrosis factor (TNF) -- Typhus vaccine -- Tyrosine kinase inhibitors -- Tyrosine -- Vaccines -- Valproic acid -- Vitamins and minerals -- Warfarin -- Weight loss medications -- Timeline of major events in pharmacology -- The Nobel Prize in physiology or medicine 1901-2018 -- Glossary. | |
| 520 |
_aThis book addresses a variety of topics in the field of pharmacology. Entries related to basic principles and concepts include fields of study related to the topic; an abstract that provides a brief, concrete summary of the topic; and key concepts important to a proper understanding of the topic.-- _cSource other than the Library of Congress. |
||
| 588 | _aEdition statement supplied by publisher. | ||
| 650 | 0 | _aPharmacology. | |
| 650 | 2 | _aPharmacology. | |
| 650 | 7 |
_aPharmacology. _2fast _0(OCoLC)fst01060259 |
|
| 700 | 1 |
_aRenneboog, Richard, _eeditor. |
|
| 830 | 0 | _aPrinciples of science. | |
| 999 |
_c1478 _d1478 |
||